Touha věků : příběh Ježíše z Nazareta /

Main Author: White, Ellen Gould Harmon, 1827-1915
Other Authors: Trněná, Marie
Language: Czech
Published: Praha : Advent-Orion, spol. s r.o., 2022
Edition: Čtvrté vydání
Subjects:
Physical Description: 559 stran, xvi stran obrazových příloh : ilustrace (některé barevné), mapy ; 22 cm
Book
Saved in:
LEADER 02831nam a2200769 i 4500
001 nkc20233504620
003 CZ PrNK
005 20240905184126.0
007 ta
008 230306s2022 xr abf e 001 0dcze
015 |a cnb003504620 
020 |a 978-80-7172-521-3  |q (brožováno) 
035 |a (OCoLC)1378696249 
040 |a BOA001  |b cze  |e rda 
041 1 |a cze  |h eng 
045 |a e0e3 
072 7 |a 27  |x Křesťanství. Křesťanská církev všeobecně. Eklesiologie  |2 Konspekt  |9 5 
080 |a 27-312  |2 MRF 
080 |a 27-317/-318  |2 MRF 
080 |a 27-236.5  |2 MRF 
080 |a 27-1/-9  |2 MRF 
080 |a 2-474-256-277  |2 MRF 
080 |a 2-231  |2 MRF 
080 |a 279.14-1/-9  |2 MRF 
080 |a (049)  |2 MRF 
100 1 |a White, Ellen Gould Harmon,  |d 1827-1915  |7 jn19990009094  |4 aut 
240 1 0 |a Desire of ages.  |l Česky  |7 aun20191039100 
245 1 0 |a Touha věků :  |b příběh Ježíše z Nazareta /  |c Ellen Gould Whiteová ; překlad Marie Trněná 
246 3 0 |a Příběh Ježíše z Nazareta 
250 |a Čtvrté vydání 
264 1 |a Praha :  |b Advent-Orion, spol. s r.o.,  |c 2022 
300 |a 559 stran, xvi stran obrazových příloh :  |b ilustrace (některé barevné), mapy ;  |c 22 cm 
336 |a text  |b txt  |2 rdacontent 
337 |a bez média  |b n  |2 rdamedia 
338 |a svazek  |b nc  |2 rdacarrier 
500 |a Přeloženo z angličtiny 
500 |a Obsahuje rejstříky 
600 0 7 |a Ježíš Kristus  |7 ola2002103454  |2 czenas 
600 0 9 |a Jesus Christ  |2 eczenas 
630 0 7 |a Bible  |7 unn2006374667  |2 czenas 
630 0 9 |a Bible  |2 eczenas 
648 7 |a 1. století  |7 ch460539  |2 czenas 
650 0 7 |a život Ježíše Krista  |7 ph138453  |2 czenas 
650 0 7 |a učení Ježíše Krista  |7 ph838923  |2 czenas 
650 0 7 |a biblické postavy  |7 ph118857  |y 1. století  |2 czenas 
650 0 7 |a biblické události  |7 ph138437  |y 1. století  |2 czenas 
650 0 7 |a křesťanské učení  |7 ph122129  |2 czenas 
650 0 7 |a biblická interpretace  |7 ph118847  |2 czenas 
650 0 7 |a biblické citáty  |7 ph118853  |2 czenas 
650 0 7 |a učení adventismu  |7 ph139370  |2 czenas 
650 0 9 |a life of Christ  |2 eczenas 
650 0 9 |a teaching of Jesus Christ  |2 eczenas 
650 0 9 |a Bible persons  |y 1st century  |2 eczenas 
650 0 9 |a Biblical events  |y 1st century  |2 eczenas 
650 0 9 |a Christian doctrine  |2 eczenas 
650 0 9 |a Biblical interpretation  |2 eczenas 
650 0 9 |a Biblical quotations  |2 eczenas 
650 0 9 |a Adventist doctrine  |2 eczenas 
655 7 |a pojednání  |7 fd133056  |2 czenas 
655 9 |a essays  |2 eczenas 
700 1 |a Trněná, Marie  |7 xx0034951  |4 trl 
787 0 8 |i Z cyklu:  |t Drama věků  |g 3 
910 2 |a BOA001  |b 2-1504.836 
990 |a BK 
995 |a 01 
991 |b 202303  |c NOV 
996 6 |b 2610933461  |c 2-1504.836  |l MZK  |r Sklad / do 1 hodiny  |n 0  |p p.v.  |w 001917861  |u 000010  |a 1  |e BOA001  |j MZK50  |s P